000 00437nam a2200169Ia 4500
008 230714s9999 xx 000 0 und d
020 _a9790000000000
041 _aeng
082 _a006.32
_bZUR
100 _aZurada J.M.
245 _aIntroduction To Artificial Neural Systems
260 _bJaico Publishing House
300 _a683
365 _cRs.
_b395.00
700 _aZurada J.M.
906 _dB:300812-Dec-2011
_cCOMP
_b296.25
999 _c205024
_d205024